<?xml version="1.0" encoding="UTF-8"?>
<record
    xmlns:xsi="http://www.w3.org/2001/XMLSchema-instance"
    xsi:schemaLocation="http://www.loc.gov/MARC21/slim http://www.loc.gov/standards/marcxml/schema/MARC21slim.xsd"
    xmlns="http://www.loc.gov/MARC21/slim">

  <leader>03120cam a22004694a 4500</leader>
  <controlfield tag="001">15705407</controlfield>
  <controlfield tag="003">OSt</controlfield>
  <controlfield tag="005">20250130101541.0</controlfield>
  <controlfield tag="008">090420s2008    enk      b    001 0 eng c</controlfield>
  <datafield tag="010" ind1=" " ind2=" ">
    <subfield code="a">  2009417508</subfield>
  </datafield>
  <datafield tag="016" ind1="7" ind2=" ">
    <subfield code="a">101481345</subfield>
    <subfield code="2">DNLM</subfield>
  </datafield>
  <datafield tag="020" ind1=" " ind2=" ">
    <subfield code="a">9780855986032</subfield>
  </datafield>
  <datafield tag="020" ind1=" " ind2=" ">
    <subfield code="a">0855986034</subfield>
  </datafield>
  <datafield tag="035" ind1=" " ind2=" ">
    <subfield code="a">(OCoLC)ocn227700443</subfield>
  </datafield>
  <datafield tag="040" ind1=" " ind2=" ">
    <subfield code="a">NLM</subfield>
    <subfield code="c">NLM</subfield>
    <subfield code="d">BWK</subfield>
    <subfield code="d">BTCTA</subfield>
    <subfield code="d">YDXCP</subfield>
    <subfield code="d">BAKER</subfield>
    <subfield code="d">CDX</subfield>
    <subfield code="d">BWX</subfield>
    <subfield code="d">IXA</subfield>
    <subfield code="d">CUY</subfield>
    <subfield code="d">NLA</subfield>
    <subfield code="d">DLC</subfield>
  </datafield>
  <datafield tag="042" ind1=" " ind2=" ">
    <subfield code="a">pcc</subfield>
  </datafield>
  <datafield tag="050" ind1="0" ind2="0">
    <subfield code="a">RC606.6</subfield>
    <subfield code="b">.H568 2008</subfield>
  </datafield>
  <datafield tag="060" ind1="0" ind2="0">
    <subfield code="a">2008 J-068</subfield>
  </datafield>
  <datafield tag="060" ind1="1" ind2="0">
    <subfield code="a">WC 503</subfield>
    <subfield code="b">H6732 2008</subfield>
  </datafield>
  <datafield tag="082" ind1=" " ind2=" ">
    <subfield code="2">362.196 </subfield>
    <subfield code="a">362.196WEL</subfield>
  </datafield>
  <datafield tag="245" ind1="0" ind2="0">
    <subfield code="a">HIV and AIDS /</subfield>
    <subfield code="c">edited by Alice Welbourn ; with Joanna Hoare.</subfield>
  </datafield>
  <datafield tag="260" ind1=" " ind2=" ">
    <subfield code="a">Oxford :</subfield>
    <subfield code="b">Oxfam ;</subfield>
    <subfield code="a">Herndon, VA :</subfield>
    <subfield code="b">Available from Stylus Pub.,</subfield>
    <subfield code="c">2008.</subfield>
  </datafield>
  <datafield tag="300" ind1=" " ind2=" ">
    <subfield code="a">xxvi, 208 p. ;</subfield>
    <subfield code="c">25 cm.</subfield>
  </datafield>
  <datafield tag="490" ind1="1" ind2=" ">
    <subfield code="a">Working in gender &amp; development</subfield>
  </datafield>
  <datafield tag="504" ind1=" " ind2=" ">
    <subfield code="a">Includes bibliographical references and index.</subfield>
  </datafield>
  <datafield tag="505" ind1="0" ind2="0">
    <subfield code="t">HIV/AIDS, globalisation, and the international women's movement /</subfield>
    <subfield code="r">Sisonke Msimang --</subfield>
    <subfield code="t">Challenges and opportunities for promoting the girl child's rights int he face of HIV/AIDS /</subfield>
    <subfield code="r">Mildred Tambudzai Mushunje --</subfield>
    <subfield code="t">'I'm too young to die' : HIV, masculinity, danger, and desire in urban South Africa /</subfield>
    <subfield code="r">Shannon Walsh and Claudia Mitchell --</subfield>
    <subfield code="t">A gendered response to HIV/AIDS in South Asia and the Pacific : insights from the pandemic in Africa /</subfield>
    <subfield code="r">Madhu Bala Nath --</subfield>
    <subfield code="t">Safe motherhood in the time of AIDS : the illusion of reproductive 'choice' /</subfield>
    <subfield code="r">Carolyn Baylies --</subfield>
    <subfield code="t">Diversifying gender : male to female transgender identities and HIV/AIDS programming in Phnom Penh, Cambodia /</subfield>
    <subfield code="r">Barbara Earth --</subfield>
    <subfield code="t">Young men and HIV /</subfield>
    <subfield code="r">Doortje Braeken, Raoul Fransen, and Tim Shand --</subfield>
    <subfield code="t">HIV-positive African women surviving in London : report of a qualitative study /</subfield>
    <subfield code="r">Lesley Doyal and Jane Anderson --</subfield>
    <subfield code="t">Mitigating impacts of HIV/AIDS on rural livelihoods : NGO experiences in sub-Saharan Africa /</subfield>
    <subfield code="r">Joanna White and John Morton --</subfield>
    <subfield code="t">Danger and the opportunity : responding to HIV with vision /</subfield>
    <subfield code="r">Kate Butcher and Alice Welbourn --</subfield>
    <subfield code="t">'Mainstreaming' HIV in Papua New Guinea : putting gender equity first /</subfield>
    <subfield code="r">Janet Seeley and Kate Butcher --</subfield>
    <subfield code="t">Advocacy training by the International Community of Women Living with HIV/AIDS /</subfield>
    <subfield code="r">The International Community of Women Living with HIV/AIDS.</subfield>
  </datafield>
  <datafield tag="650" ind1=" " ind2="0">
    <subfield code="a">AIDS (Disease)</subfield>
    <subfield code="x">Social aspects.</subfield>
  </datafield>
  <datafield tag="650" ind1="1" ind2="2">
    <subfield code="a">Acquired Immunodeficiency Syndrome.</subfield>
  </datafield>
  <datafield tag="650" ind1="1" ind2="2">
    <subfield code="a">HIV Infections.</subfield>
  </datafield>
  <datafield tag="650" ind1="2" ind2="2">
    <subfield code="a">Gender Identity.</subfield>
  </datafield>
  <datafield tag="650" ind1="2" ind2="2">
    <subfield code="a">Health Policy.</subfield>
  </datafield>
  <datafield tag="650" ind1="2" ind2="2">
    <subfield code="a">Socioeconomic Factors.</subfield>
  </datafield>
  <datafield tag="700" ind1="1" ind2=" ">
    <subfield code="a">Welbourn, Alice.</subfield>
  </datafield>
  <datafield tag="710" ind1="2" ind2=" ">
    <subfield code="a">Oxfam GB.</subfield>
  </datafield>
  <datafield tag="830" ind1=" " ind2="0">
    <subfield code="a">Working in gender &amp; development.</subfield>
  </datafield>
  <datafield tag="856" ind1="4" ind2="2">
    <subfield code="3">Contributor biographical information</subfield>
    <subfield code="u">http://www.loc.gov/catdir/enhancements/fy1116/2009417508-b.html</subfield>
  </datafield>
  <datafield tag="856" ind1="4" ind2="2">
    <subfield code="3">Publisher description</subfield>
    <subfield code="u">http://www.loc.gov/catdir/enhancements/fy1116/2009417508-d.html</subfield>
  </datafield>
  <datafield tag="856" ind1="4" ind2="1">
    <subfield code="3">Table of contents only</subfield>
    <subfield code="u">http://www.loc.gov/catdir/enhancements/fy1116/2009417508-t.html</subfield>
  </datafield>
  <datafield tag="906" ind1=" " ind2=" ">
    <subfield code="a">7</subfield>
    <subfield code="b">cbc</subfield>
    <subfield code="c">pccadap</subfield>
    <subfield code="d">2</subfield>
    <subfield code="e">ncip</subfield>
    <subfield code="f">20</subfield>
    <subfield code="g">y-gencatlg</subfield>
  </datafield>
  <datafield tag="942" ind1=" " ind2=" ">
    <subfield code="2">ddc</subfield>
    <subfield code="c">BK</subfield>
  </datafield>
  <datafield tag="999" ind1=" " ind2=" ">
    <subfield code="c">4056</subfield>
    <subfield code="d">4056</subfield>
  </datafield>
  <datafield tag="952" ind1=" " ind2=" ">
    <subfield code="0">0</subfield>
    <subfield code="1">0</subfield>
    <subfield code="2">ddc</subfield>
    <subfield code="4">0</subfield>
    <subfield code="7">0</subfield>
    <subfield code="a">001</subfield>
    <subfield code="b">001</subfield>
    <subfield code="d">2025-01-29</subfield>
    <subfield code="l">0</subfield>
    <subfield code="o">362.196WEL</subfield>
    <subfield code="p">2O25/0014</subfield>
    <subfield code="r">2025-01-29</subfield>
    <subfield code="w">2025-01-29</subfield>
    <subfield code="y">BK</subfield>
  </datafield>
</record>
